Mutaah dan perlaksanaannya di dalam Mahkamah Syariah Wilayah Persekutuan /
Saved in:
| Main Author: | |
|---|---|
| Format: | Thesis |
| Language: | English |
| Published: |
Petaling Jaya
: Universiti Islam Antarabangsa Malaysia,
1986
|
| Subjects: | |
| Online Access: | http://studentrepo.iium.edu.my/handle/123456789/1709 |
| Tags: |
Add Tag
No Tags, Be the first to tag this record!
|
| LEADER | 015780000a22003490004500 | ||
|---|---|---|---|
| 001 | 61562 | ||
| 005 | 20230418005702.0 | ||
| 008 | 930122s1986 eng | ||
| 035 | |a 232221 | ||
| 035 | |a (Sirsi) 61562 | ||
| 040 | |a UIAM |b eng | ||
| 050 | |a BP158.5K32 | ||
| 100 | 0 | |a Mashadi Salamon |9 72300 | |
| 245 | 1 | 0 | |a Mutaah dan perlaksanaannya di dalam Mahkamah Syariah Wilayah Persekutuan / |c oleh Mashadi bin Salamon |
| 260 | 1 | |a Petaling Jaya |b : Universiti Islam Antarabangsa Malaysia, |c 1986 | |
| 300 | |a 108 p. | ||
| 336 | |2 rdacontent | ||
| 337 | |2 rdamedia | ||
| 338 | |2 rdacarrier | ||
| 502 | |a (D.A.I.J.)--Universiti Islam Antarabangsa Malaysia, 1986 | ||
| 504 | |a Includes bibliographical references (leaves 106-108). | ||
| 650 | 0 | |a Mut'ah |9 72301 | |
| 655 | 7 | |a Theses, IIUM local | |
| 690 | |a Dissertations, Academic |x Kulliyyah of Laws |z IIUM | ||
| 710 | 2 | |a International Islamic University Malaysia. |b Kulliyyah of Laws |9 38108 | |
| 856 | 4 | |u http://studentrepo.iium.edu.my/handle/123456789/1709 | |
| 900 | |a arr-imj-bal150993 | ||
| 942 | |2 lcc |n 0 | ||
| 999 | |c 430001 |d 461492 | ||
| 952 | |0 0 |6 LU T BP158.5K32M397M 1986 |7 0 |8 THESES |9 748997 |a IIUM |b IIUM |c CLOSEACCES |g 0.00 |o lu t BP158.5K32M397M 1986 |p 00000094545 |r 2017-10-24 |t 1 |v 0.00 |y THESIS | ||
| 952 | |0 0 |6 T BP158.5K32M397M 1986 |7 0 |8 THESES |9 748998 |a IIUM |b IIUM |c MULTIMEDIA |g 0.00 |o t BP158.5K32M397M 1986 |p 00010981729 |r 2017-10-17 |t 1 |v 0.00 |y THESIS | ||
| 952 | |0 0 |6 TS CDF BP158.5K32M397M 1986 |7 0 |8 THESES |9 786720 |a IIUM |b IIUM |c MULTIMEDIA |g 0.00 |o ts cdf BP158.5K32M397M 1986 |p 11100325547 |r 2017-10-26 |t 1 |v 0.00 |y THESISDIG | ||
